000 00683nam a2200229Ia 4500
003 OSt
005 20221005115018.0
006 a|||||r|||| 00| 0
007 ta
008 221004b |||||||| |||| 00| 0 eng d
024 _a42066
037 _cTextual
040 _aCRL
_cCRL
_beng
041 _2eng
_aeng
082 _aO113aN56<-N54, 113J8.2
100 _aKottelwesch Clemens Co.
_9626983
245 0 _aBibliographic der Deutschen literaturwissenschaft 1954-1956 ed by Hanns W Eppelshemimer V2
260 _c1958
650 _aENGLISH LITERATURE
942 _hO113aN56<-N54, 113J8.2
_cTEXL
_2cc
999 _c1033159
_d1033159